| 000 | 00957nam a2200241 i 4500 | ||
|---|---|---|---|
| 001 | bg | ||
| 245 | 0 | 0 |
_aNomenklatura chemii nieorganicznej : _bzalecenia 1990 / _cPolskie Towarzystwo Chemiczne. Komisja Nomenklatury Chemii Nieorganicznej ; red. nauk. Zofia Stasicka. |
| 246 |
_iTyt. oryg.: _aNomenclature of inorganic chemistry. Recomendations 1990 |
||
| 260 |
_aWrocław : _bWydaw. Uniwersytetu Wrocławskiego, _c1998. |
||
| 300 |
_a375 s. : _brys. ; _c24 cm. |
||
| 500 | _aTyt. oryg.: "Nomenclature of inorganic chemistry. Recomendations 1990". | ||
| 504 | _aBibliogr. s. 307-309. - Indeks. | ||
| 650 | 9 |
_aChemia nieorganiczna _xterminologia |
|
| 700 | 1 |
_aSTASICKA, Zofia. _eRed. |
|
| 710 | 0 |
_aPolskie Towarzystwo Chemiczne _bKomisja Nomenklatury Chemii Nieorganicznej |
|
| 020 | _a8322918798 | ||
| 040 | _cBPK | ||
| 041 | 1 |
_apl _hen |
|
| 080 | _a546:001.4 | ||
| 920 | _a83-229-1879-8 | ||
| 942 | _cKS | ||
| 008 | s pl f |000 0 pol | ||
| 999 |
_c34096 _d34096 |
||
| 856 |
_uhttp://koha.tu.koszalin.pl/cgi-bin/koha/opac-detail.pl?biblionumber=34096 _yKatalog online BPK |
||